000 00512nam a22002177a 4500
003 UA-OsUOA
001 113311
007 ta
008 20150904b un ||||| |||| 00| 0 ukr d
090 _a2(03)
942 _cBK
040 _aUA-OsUOA
_beng
_cUA-OsUOA
_dUA-OsUOA
245 _aThe Classic Bible Dictionary
_cJay P. Green, Sr.
300 _a1114 с.
955 _a2
041 _aeng
080 _a2(03)
260 _aUAS
_c1988
650 7 _a2 Релігія. Теологія.
_2UDC
999 _c354420
_d354420